Histoire élémentaire des minéraux usuels / (Record no. 163422)

MARC details
000 -LEADER
campo de control de longitud fija 00802nam a22002055i 4500
001 - NÚMERO DE CONTROL
campo de control 163422
003 - IDENTIFICADOR DE NÚMERO DE CONTROL
campo de control ES-MaACL
005 - FECHA Y HORA DE LA ÚLTIMA TRANSACCIÓN
campo de control 20251015063143.0
008 - DATOS DE LONGITUD FIJA--INFORMACIÓN GENERAL
campo de control de longitud fija 950206s1867 fr |||| | fre d
040 ## - FUENTE DE CATALOGACIÓN
Centro catalogador/agencia de origen CLM
100 1# - ENTRADA PRINCIPAL--NOMBRE DE PERSONA
Nombre de persona Reynaud, Jean,
Fechas asociadas al nombre 1806-1863
9 (RLIN) 131759
245 10 - MENCIÓN DEL TÍTULO
Título Histoire élémentaire des minéraux usuels /
Mención de responsabilidad, etc. par Jean Reynaud.
250 ## - MENCION DE EDICION
Mención de edición 2e. éd.
260 ## - PUBLICACIÓN, DISTRIBUCIÓN, ETC.
Lugar de publicación, distribución, etc. Paris :
Nombre del editor, distribuidor, etc. Librairie de L. Hachette et Cie.,
Fecha de publicación, distribución, etc. 1867 (
Fabricante Imp. Simon Raçon et Comp.)
300 ## - DESCRIPCIÓN FÍSICA
Extensión III, 311 p., [3] h. de lám. col. ;
Dimensiones 18 cm.
490 1# - MENCIÓN DE SERIE
Mención de serie Bibliothéque des merveilles / publiée sous la direction de Edouard Charton
830 0# - PUNTO DE ACCESO ADICIONAL DE SERIE-TÍTULO UNIFORME
Título uniforme Bibliothéque des merveilles / publiée sous la direction de Edouard Charton
9 (RLIN) 188261
852 ## - LOCALIZACIÓN
Ubicación ES-MaACL
Número de control de estantería D-1550
Nota libre -- Enc. tela azul
Holdings
Estatus retirado Estado de pérdida Estado de daño No para préstamo Colección Biblioteca de origen Biblioteca actual Ubicación en estantería Fecha de adquisición Fuente de adquisición Total de préstamos Signatura topográfica completa Código de barras Visto por última vez Precio de reemplazo Tipo de ítem Koha
        Libros del s. XIX Biblioteca del Ateneo de Madrid Biblioteca del Ateneo de Madrid Sala Valle Inclán 17/01/2008     D-1550 901171251 23/02/2023 23/02/2023 Libro impreso antiguo